|
|
|
|
| LEADER |
02770nam a22003973i 4500 |
| 001 |
EBC30496889 |
| 003 |
MiAaPQ |
| 005 |
20231204023230.0 |
| 006 |
m o d | |
| 007 |
cr cnu|||||||| |
| 008 |
231204s2023 xx o ||||0 eng d |
| 020 |
|
|
|a 9780472903535
|q (electronic bk.)
|
| 020 |
|
|
|z 9780472039302
|
| 035 |
|
|
|a (MiAaPQ)EBC30496889
|
| 035 |
|
|
|a (Au-PeEL)EBL30496889
|
| 035 |
|
|
|a (OCoLC)1378287918
|
| 040 |
|
|
|a MiAaPQ
|b eng
|e rda
|e pn
|c MiAaPQ
|d MiAaPQ
|
| 100 |
1 |
|
|a Buchler, Michael.
|
| 245 |
1 |
0 |
|a Here for the Hearing :
|b Analyzing the Music in Musical Theater.
|
| 250 |
|
|
|a 1st ed.
|
| 264 |
|
1 |
|a Ann Arbor :
|b University of Michigan Press,
|c 2023.
|
| 264 |
|
4 |
|c Ã2023.
|
| 300 |
|
|
|a 1 online resource (311 pages)
|
| 336 |
|
|
|a text
|b txt
|2 rdacontent
|
| 337 |
|
|
|a computer
|b c
|2 rdamedia
|
| 338 |
|
|
|a online resource
|b cr
|2 rdacarrier
|
| 490 |
1 |
|
|a Tracking Pop Series
|
| 505 |
0 |
|
|a Intro -- Contents -- List of Examples -- List of Figures -- List of Tables -- Acknowledgments -- Introduction | Michael Buchler and Gregory J . Decker -- Part 1: Chapters That Engage Multiple Works -- Chapter 1. "Was It Ever Real?" Tonic Return via Stepwise Modulation in Broadway Songs | Nathan Beary Blustein -- Chapter 2. Sondheim's Dissonant Tonality | Drew Nobile -- Chapter 3. Topical Interpretive Strategies in American Musical Theater: Three Brief Case Studies | Gregory J. Decker -- Chapter 4. A Phenomenological Approach to Music Theater Rhyme | Richard Plotkin -- Chapter 5. The Changing Rhythms of Bridges and Ends | Rachel Short -- Part 2: Chapters That Engage a Single Work -- Chapter 6. Three Notions of Long-Range Form in Guys and Dolls | Michael Buchler -- Chapter 7. Style, Tonality, and Sexuality in The Rocky Horror Show | Nicole Biamonte -- Chapter 8. Music, Time, and Memory in Jason Robert Brown's The Last Five Years | Jonathan De Souza -- Chapter 9. Lesbian Desire in Fun Home | Rachel Lumsden -- Chapter 10. The Hip-Hop History of Hamilton | Robert Komaniecki -- Chapter 11. "Isn't It Queer?" The Kinsey Sicks and the Art of Broadway Parody | J. Daniel Jenkins -- Contributors -- Index.
|
| 588 |
|
|
|a Description based on publisher supplied metadata and other sources.
|
| 590 |
|
|
|a Electronic reproduction. Ann Arbor, Michigan : ProQuest Ebook Central, 2023. Available via World Wide Web. Access may be limited to ProQuest Ebook Central affiliated libraries.
|
| 655 |
|
4 |
|a Electronic books.
|
| 700 |
1 |
|
|a Decker, Gregory John.
|
| 776 |
0 |
8 |
|i Print version:
|a Buchler, Michael
|t Here for the Hearing
|d Ann Arbor : University of Michigan Press,c2023
|z 9780472039302
|
| 797 |
2 |
|
|a ProQuest (Firm)
|
| 830 |
|
0 |
|a Tracking Pop Series
|
| 856 |
4 |
0 |
|u https://ebookcentral.proquest.com/lib/matrademy/detail.action?docID=30496889
|z Click to View
|